Most Popular Roblox Games each year (From 2006) - Statistics

General Stats
  • This quiz has been taken 34 times
  • The average score is 6 of 22
Answer Stats
Year Answer % Correct
2025 (2) Steal a Brainrot
100%
2025 (1) Grow a Garden
92%
2020 Adopt Me!
60%
2022 Blox Fruits
52%
2018 Jailbreak
44%
2017 MeepCity
40%
2015 Natural Disaster Survival
40%
2026 99 Nights in the Forest
36%
2014 Work at a Pizza Place
36%
2024 Fisch
28%
2021 Brookhaven RP
16%
2023 The Strongest Battlegrounds
12%
2019 Welcome to Bloxburg
8%
2009 Heli-Wars: Desert Attack
4%
2008 Ultimate Paintball
4%
2012 Base Wars
0%
2007 Minigame World
0%
2016 Robloxian High School
0%
2006 Rocket Arena
0%
2010 Survive the Disasters!
0%
2013 The Mad Murderer
0%
2011 Welcome to the Town of Robloxia
0%
No matching quizzes found
Score Distribution
Percent of People with Each Score
Percentile by Number Answered
Your Score History
You have not taken this quiz